000 01852cad a2200289 4500
001 L159447
008 021021n2016 000 0 eng u
020 _a9781119075127
035 _a(Sirsi) u159447
041 _a306.1
_c18
100 _aCrook, Tony
245 _aPlanning gain
_bproviding infrastructure and affordable housing
_h[electronic resource]
260 _aChichester
_bJohn Wiley & Sons
_c2016
300 _aebook
520 _aCritically examines the development and implementation of planning gain. The book looks both at the British context as well as experience in other developed economies and takes stock of how the policy has evolved. It examines the rationale for planning gain, how it has delivered substantial funds for infrastructure and affordable housing and, in the light of this, how it might continue to play a role in the funding of these. It also draws on overseas experience, for example on impact fees and public sector land assembly. Mechanisms to tap development value are also a global phenomenon in developed market economies - whether through formal taxation or negotiated contributions. As fiscal austerity becomes an increasingly challenging issue, planning gain has grown in importance as a potential source of funding for infrastructure and new affordable housing, with many countries keen to examine, learn from, and adapt the experience of others.
650 _aEBOOK
650 _aAffordable housing
_96215
650 _aHOUSING COMPLETIONS
650 _aTOWN AND COUNTRY PLANNING ACT 1990 S106
650 _aPLANNING GAIN
651 4 _aENGLAND AND WALES
690 _aPlanning and development
_96259
700 _aHenneberry, John
700 _aWhitehead, Christine
856 _uhttps://www.vlebooks.com/
_zView on VLEbooks. Logins for members only from [email protected]
942 _n0
999 _c115908
_d115908